Manual de historia crítica dominicana (1492-1965) / (Registro nro. 7497)

Detalles MARC
000 -LIDER
fixed length control field 01793nam a2200253 a 4500
001 - NÚMERO DE CONTROL
Identificador de número de control 000038720
003 - IDENTIFICACDOR DE NÚMERO DE CONTROL
control field DO-SdBNP
005 - DATE AND TIME OF LATEST TRANSACTION
control field 20171011114459.0
008 - ELEMENTOS DE LONGITUD FIJA
fixed length control field 110408s1993 dr ac 000 0 spa d
040 ## - FUENTE DE CATALOGACIÓN
Agencia que crea de manera original el registro BPMSU
Idioma de catalogación spa
Agencia que realiza la transcripción BPMSU
082 04 - NÚMERO DE CLASIFICACIÓN DECIMAL DE DEWEY
Classification number 972.93
Item number M385m
100 1# - ASIENTO PRINCIPAL -- NOMBRE PERSONAL
Nombre personal Martínez Almanzar, Juan Francisco
245 10 - MENCIÓN DE TITULO
Título Manual de historia crítica dominicana (1492-1965) /
Mención de responsabilidad Juan Francisco Martínez Almanzar.
250 ## - MENCIÓN DE EDICION
Mención de edición 2a. ed., ampliada
260 ## - PUBLICACIÓN, DISTRIBUCIÓN, ETC. (PIE DE IMPRENTA)
Lugar de publicación, distribución, etc Santo Domingo :
Nombre del editor, distribuidor, etc. CAIS,
Fecha de publicación, distribución, etc 1993.
300 ## - DESCRIPCIÓN FÍSICA
Extensión 541, [17] p. :
Otros detalles físicos il. ;
Dimensiones 23 cm.
505 0# - NOTA DE CONTENIDO
Texto normalizado de contenido Prehistoria e historia --
Título Situación de Europa del descubrimiento --
-- La sociedad aborigen --
-- El descubrimiento de América --
-- Conquista y colonización --
-- Colón y la anulación de las capitulaciones de Santa Fe --
-- El régimen de las encomiendas --
-- Inicio de la industria azucarera --
-- La Española de 1520 a 1550 --
-- La Española en la segunda mitad del siglo XVI --
-- La isla de Santo Domingo en el siglo XVII --
-- La revolución Haitiana --
-- La dominación Francesa y Española a principios del siglo XIX --
-- Unificación política de las isla y separación --
-- Los inicios de la primera República --
-- El caudillismo y la situación de la naciente República durante su primer período (1844-1861) --
-- Anexión y guerra de restauración --
-- La Española en la segunda mitad del siglo XVI --
-- -- Unificación política de las isla y separación --
-- Los inicios de la primera República.
651 #4 - ENCABEZAMIENTO DE MATERIA--NOMBRE GEOGRÁFICO
Nombre geográfico REPÚBLICA DOMINICANA
Subdivisión temática general HISTORIA
Subdivisión cronológica 1492-1965
710 2# - ASIENTO SECUNDARIO -- NOMBRE CORPORATIVO
Nombre corporativo o de jurisdicción Centro de Adiestramiento e Investigación Social (República Dominicana)
910 ## - VALIDACIÓN
Validación Validado. Control de calidad MFF
942 ## - ADDED ENTRY ELEMENTS (KOHA)
Source of classification or shelving scheme Dewey Decimal Classification
Koha item type Libros
945 ## - INFORMACIÓN DE PROCESAMIENTO LOCAL
Información de procesamiento local Título remanejado pra BNPHU / 2017
956 ## - LOCAL ELECTRONIC LOCATION AND ACCESS (OCLC)
Nombre de host VMATEO
Número de acceso 10
Información de compresión 20150908
Inicio de sesión BPMSU
Procesador de solicitud 00151
Existencias
Withdrawn status Lost status Source of classification or shelving scheme Damaged status Not for loan Collection code Home library Current library Date acquired Total Checkouts Full call number Barcode Date last seen Price effective from Koha item type
    Dewey Decimal Classification     Colección Dominicana Biblioteca Pública Metropolitana Salomé Ureña Biblioteca Pública Metropolitana Salomé Ureña 02/24/2015   972.93 M385m BPMSU15040145 02/24/2015 02/24/2015 Libros